Martell exercice 1979-1980

Shranjeno v:
Bibliografske podrobnosti
Format: Knjiga
Jezik:Undetermined
Izdano: Paris Socié té Martell & Co 1980
Teme:
Oznake: Označite
Brez oznak, prvi označite!
Thư viện lưu trữ: Trung tâm Học liệu Trường Đại học Cần Thơ
LEADER 00422nam a2200157Ia 4500
001 CTU_80873
008 210402s9999 xx 000 0 und d
082 |a 338.7 
082 |b M376 
245 0 |a Martell exercice 1979-1980 
260 |a Paris 
260 |b Socié té Martell & Co 
260 |c 1980 
650 |a Business enterprises 
904 |i Trọng Hải 
980 |a Trung tâm Học liệu Trường Đại học Cần Thơ